NBA Team GOATS - Statistics

General Stats
  • This quiz has been taken 109 times
  • The average score is 25 of 30
Answer Stats
Team Position Name % Correct
Cavaliers SG/F LeBron James
100%
Bulls SG Michael Jordan
100%
Warriors PG Stephen Curry
100%
Lakers SG/SF Kobe Bryant
99%
Mavericks PF/C Dirk Nowitzki
95%
Celtics C Bill Russell
94%
Heat SG Dwyane Wade
93%
Timberwolves PF/SF Kevin Garnett
93%
Nuggets C Nikola Jokic
93%
Rockets C Hakeem Olajuwon
92%
Spurs PF/C Tim Duncan
91%
Jazz PF Karl Malone
89%
Pacers SG Reggie Miller
89%
Magic C Dwight Howard
86%
Pelicans/Hornets PF/C Anthony Davis
85%
Thunder/SuperSonics PG Russell Westbrook
85%
Trail Blazers PG Damian Lillard
84%
Pistons PG Isiah Thomas
84%
Suns PG Steve Nash
84%
Bucks G/F Giannis Antetokuonmpo
82%
Clippers/Braves PG Chris Paul
81%
Grizzlies C Marc Gasol
80%
Nets PG Jason Kidd
79%
Kings/Royals PG Oscar Robertson
78%
Raptors SG/SF Vince Carter
75%
76ers/Nationals PG/SG Allen Iverson
72%
Hornets/Bobcats PG Kemba Walker
64%
Wizards C Wes Unseld
60%
Hawks PF Bob Pettit
56%
Knicks PG Walt Frazier
52%
No matching quizzes found
Score Distribution
Percent of People with Each Score
Percentile by Number Answered
Your Score History
You have not taken this quiz